| 000 | 02987nam a2200241 a 4500 | ||
|---|---|---|---|
| 003 | MX-MxUPN | ||
| 005 | 20250908150130.0 | ||
| 008 | 010925s1997 mx r 000 0 spa d | ||
| 020 | _a9684115717 | ||
| 035 | _aUPN01000112001 | ||
| 040 |
_aMX-MxUPN _bspa _cMX-MxUPN |
||
| 041 | 0 | _aspa | |
| 050 | 1 | 4 |
_aF1256 _bCH5.2 |
| 245 | 0 | 0 | _aChiapas |
| 260 |
_aMéxico, D.F. : _bUniversidad Nacional Autónoma de México, Instituto de Investigaciones Económicas : _bEra, _c1997. |
||
| 300 | _avolúmenes | ||
| 505 | 8 |
_aContenido: _gv.5. _tRevuelta y dignidad. Saberes multiculturales. Neoliberalismo y nación. Che Guevara. Indígenas en Cerro Hueco. Nuevo libro sobre autonomía indígena -- _gv.6. _tMovimientos ecológicos. Migración y pobreza en América del Norte. Nuevos sujetos sociales. Territorios indígenas : Los Wixárika. Desnacionalización del ejército. Utopía zapatista. Debate sobre Chiapas -- _gv.7. _tMovimientos de liberación. Alternativas de la acción colectiva. Autonomía y usos y costumbres. Resistencia y legitimidad. Municipios autónomos. Comunidad Tzeltal. Entrevista -- _gv.8. _tNahuas. Rarámin. Chimalapas. Mujeres indígenas. Violencia y problemas de salud en Chenalhó. Fin de milenio. Guerra de baja intensidad. Cuento maya -- _gv.9. _tCapitales en Chiapas, Latifundios en Brasil, Cuestión indígena y países andinos, Zapatismo y lucha por la tierra, Biopiratería. Mujeres indígenas, Derechos indígenas, Seis años de zapatismo, Encuentros internacionales. _gv.10. _tDiscusión sobre la historia. Guatemala. Ecuador. Austria. Zapatismo y ciencias sociales. Movimientos antisistémicos. Globalización neoliberal -- _gv.13. _tLa crisis actual en Argentina : entre la dolarización, la devaluación y la redistribución del ingreso, Asia Central en el siglo XXI y los movimientos de larga duración en la ....-- _gv.14. _tLatifundios genéticos y existencia indígena, En la antesala del Plan Puebla_Panamá : Tehuantepec en el siglo XIX, Alca : el paraíso de los inversionistas, La guerra del agua en Cochabamba...-- _gv.15. _tManifiesto de cobre, Negri por Zapata : el poder contituyente y los límites de la autonomía, Globlización sustentable, Contrainsurgencia y paramilitarismo en Chiapas en el gobierno de Vicente Fox |
|
| 505 | 8 |
_aContenido: _gv.16. _tLos desafios del mundo en que caben todos los mundos y la subervisión del saber histórico de la lucha, ¿Más allá de la lucha por la humanidad y contra el neoliberalismo?, Los silencios zapatistas, Las guerras del ogro, Rebelión dignidad, autonomía y demogracia. Voces compartidas desde el sur, Entrevista con Alfio Nicotra, representante del Partido de la Refundación Comunista ante el Foro Social Europeo, La sublevación indígena popular en Bolivia |
|
| 650 | 4 |
_aIndígenas de México _zChiapas _98413 |
|
| 610 | 2 | 4 |
_aEjército Zapatista de Liberación Nacional (México) _96134 |
| 651 | 4 |
_aChiapas _xHistoria _yLevantamiento campesino, 1994 _96135 |
|
| 700 | 1 |
_aCeceña, Ana Esther _957678 _edirección |
|
| 999 |
_c85909 _d85909 |
||